Mechanisms of chromospheric and coronal heating (Record no. 10180)
[ view plain ]
| 000 -LEADER | |
|---|---|
| fixed length control field | 00884nam a2200229Ia 4500 |
| 003 - CONTROL NUMBER IDENTIFIER | |
| control field | IN-BaIIA |
| 008 - FIXED-LENGTH DATA ELEMENTS--GENERAL INFORMATION | |
| fixed length control field | 211028s9999 xx 000 0 eng d |
| 020 ## - INTERNATIONAL STANDARD BOOK NUMBER | |
| International Standard Book Number | 0-540-53436-9 |
| 040 ## - CATALOGING SOURCE | |
| Transcribing agency | IIA Library |
| 080 ## - UNIVERSAL DECIMAL CLASSIFICATION NUMBER | |
| Universal Decimal Classification number | 523.947(082.2) |
| Item number | ULM |
| 111 ## - MAIN ENTRY--MEETING NAME | |
| Meeting name or jurisdiction name as entry element | International Conference |
| Location of meeting | Heidelberg |
| Date of meeting or treaty signing | 1990 June 5 - 8 |
| 9 (RLIN) | 17268 |
| 245 #0 - TITLE STATEMENT | |
| Title | Mechanisms of chromospheric and coronal heating |
| Remainder of title | proceedings of the International conference held in Heidelberg, 5 - 8 June, 1990 |
| Statement of responsibility, etc. | edited by Peter Ulmschneider, Eric R. Priest and Robert Rosner |
| 260 ## - PUBLICATION, DISTRIBUTION, ETC. | |
| Place of publication, distribution, etc. | Berlin |
| Name of publisher, distributor, etc. | Springer-Verlag |
| Date of publication, distribution, etc. | 1991 |
| 300 ## - PHYSICAL DESCRIPTION | |
| Extent | Ixiv, 649p. |
| 650 ## - SUBJECT ADDED ENTRY--TOPICAL TERM | |
| Topical term or geographic name entry element | Chromosphere |
| 9 (RLIN) | 5508 |
| 650 ## - SUBJECT ADDED ENTRY--TOPICAL TERM | |
| Topical term or geographic name entry element | Corona |
| 9 (RLIN) | 8341 |
| 650 ## - SUBJECT ADDED ENTRY--TOPICAL TERM | |
| Topical term or geographic name entry element | Coronal Heating |
| 9 (RLIN) | 14860 |
| 700 ## - ADDED ENTRY--PERSONAL NAME | |
| Personal name | Priest, Eric R., ed. |
| 9 (RLIN) | 17269 |
| 700 ## - ADDED ENTRY--PERSONAL NAME | |
| Personal name | Rosner, Robert, ed. |
| 9 (RLIN) | 17270 |
| 700 ## - ADDED ENTRY--PERSONAL NAME | |
| Personal name | Ulmschneider, Peter, ed. |
| 9 (RLIN) | 17271 |
| 942 ## - ADDED ENTRY ELEMENTS (KOHA) | |
| Koha item type | Books |
| Withdrawn status | Lost status | Damaged status | Not for loan | Home library | Current library | Shelving location | Date acquired | Total Checkouts | Total Renewals | Full call number | Barcode | Date last seen | Date last checked out | Price effective from | Koha item type |
|---|---|---|---|---|---|---|---|---|---|---|---|---|---|---|---|
| IIA Library-Bangalore | IIA Library-Bangalore | General Stacks | 04/07/1991 | 1 | 1 | 523.947(082.2)/ ULM | 11090 | 30/03/2023 | 10/01/2022 | 04/07/1991 | Books |